|
|
|
|
| LEADER |
00000nam2a2200000 4500 |
| 001 |
14939 |
| 005 |
20231101205001.0 |
| 010 |
|
|
|a 5895030289
|
| 035 |
|
|
|a (RuTPU)RU\TPU\book\15040
|
| 035 |
|
|
|a BOOK00015109
|
| 090 |
|
|
|a 14939
|
| 100 |
|
|
|a 20011209d1998 k y0rusy50 ca
|
| 101 |
0 |
|
|a rus
|
| 102 |
|
|
|a RU
|
| 105 |
|
|
|a a z 000zy
|
| 200 |
0 |
|
|a Неразрушающий контроль и диагностика
|e сборник статей
|f под ред. В. Л. Чахлова
|
| 210 |
|
|
|a Томск
|c Изд-во НТЛ
|d 1998
|
| 215 |
|
|
|a 128 с.
|c ил.
|
| 461 |
|
1 |
|0 (RuTPU)RU\TPU\book\176237
|t Известия Томского политехнического университета [Известия ТПУ]
|f Томский политехнический университет (ТПУ)
|v Неразрушающий контроль и диагностика
|d 2000-
|
| 601 |
0 |
2 |
|a Томский политехнический университет (ТПУ)
|b Научно-исследовательский институт интроскопии (НИИ ИН)
|2 stltpush
|3 (RuTPU)RU\TPU\col\863
|
| 606 |
|
|
|a Неразрушающий контроль
|2 stltpush
|3 (RuTPU)RU\TPU\subj\66931
|9 82903
|
| 610 |
1 |
|
|a история
|
| 610 |
1 |
|
|a материалы
|
| 610 |
1 |
|
|a неразрушающие методы
|
| 610 |
1 |
|
|a известия
|
| 610 |
1 |
|
|a диагностика
|
| 610 |
1 |
|
|a статьи
|
| 610 |
1 |
|
|a труды учёных ТПУ
|
| 610 |
1 |
|
|a сборники
|
| 675 |
|
|
|a 620.179.1
|v 3
|
| 702 |
|
1 |
|a Чахлов
|b В. Л.
|c физик
|c заслуженный деятель науки и техники Российской Федерации
|c заслуженный профессор Томского политехнического университета, доктор технических наук
|f 1934-2011
|g Владимир Лукьянович
|2 stltpush
|3 (RuTPU)RU\TPU\pers\19882
|4 340
|
| 801 |
|
0 |
|a RU
|b 63413507
|c 20011209
|g PSBO
|
| 801 |
|
2 |
|a RU
|b 63413507
|c 20180327
|g PSBO
|
| 942 |
|
|
|c BK
|